The Coastal Zone: Past, Present, and Future / (Record no. 617336)

000 -LEADER
fixed length control field 00526nam a22001697a 4500
003 - CONTROL NUMBER IDENTIFIER
control field NUST
005 - DATE AND TIME OF LATEST TRANSACTION
control field 20260506165322.0
008 - FIXED-LENGTH DATA ELEMENTS--GENERAL INFORMATION
fixed length control field 260506b ||||| |||| 00| 0 eng d
020 ## - INTERNATIONAL STANDARD BOOK NUMBER
International Standard Book Number 978-1570033940
082 ## - DEWEY DECIMAL CLASSIFICATION NUMBER
Classification number IGIS-367
Author Mark VER
100 ## - MAIN ENTRY--PERSONAL NAME
Personal name F. John Vernberg, Winona B. Vernberg.
9 (RLIN) 134356
245 ## - TITLE STATEMENT
Title The Coastal Zone: Past, Present, and Future /
Statement of responsibility, etc. F. John Vernberg, Winona B. Vernberg.
260 ## - PUBLICATION, DISTRIBUTION, ETC.
Name of publisher, distributor, etc. University of South Carolina Press,
Date of publication, distribution, etc. 2001.
300 ## - PHYSICAL DESCRIPTION
Extent 191 p ;
Dimensions 28.3 cm
563 ## - BINDING INFORMATION
Binding note Hardcover
942 ## - ADDED ENTRY ELEMENTS (KOHA)
Source of classification or shelving scheme
Koha item type Book
Holdings
Withdrawn status Lost status Source of classification or shelving scheme Damaged status Not for loan Permanent Location Current Location Date acquired Total Checkouts Full call number Barcode Date last seen Price effective from Koha item type
          Institute of Geographical Information Systems (IGIS) Institute of Geographical Information Systems (IGIS) 05/06/2026   IGIS-367 VER IGIS-367 05/06/2026 05/06/2026 Book
© 2023 Central Library, National University of Sciences and Technology. All Rights Reserved.